000 00351nam a22001577a 4500
003 MPLRDC
005 20220104144140.0
008 210129b ||||| |||| 00| 0 eng d
082 _a221.96 KY
100 _a
245 _a大悲心陀罗尼经
_c
260 _a
_b不详
_c1992
300 _b
650 _a佛教经典
942 _cBK
_o221.96 KY
999 _c46849
_d46839